=LDR 00000nam 2200000 4500 =001 INLIS000000000045233 =005 20250312105905 =035 ##$$a 0010-011500000000059 =008 250312################b##########0#ind## =082 ##$$a 028.5 =090 ##$$a 028.5 $b rah g =100 ##$$a rahmat margajaya =245 1#$$a Gempa bumi =260 ##$$a bekasi :$b PT. Azkz mulia media,$c 2006 =300 ##$$a 51 hlm : $b ilus ; $c 18 cm =850 ##$$a NBPMAT =084 ##$$a 028.5 RAH g =990 ##$$a 0001/BPAP-NTB/20142015